| 000 | 00819nam a22002057a 4500 | ||
|---|---|---|---|
| 005 | 20170707155400.0 | ||
| 010 | _aB-667891 | ||
| 020 |
_a9788125060710 _c945.00 |
||
| 035 | _aB-667891 | ||
| 037 | _bTBI | ||
| 082 | _a294.5924046 | ||
| 100 | _aBandyopadhyay,Sibaji | ||
| 245 |
_aThree essays on the Mahabharata ; _bexercises in literrary hermeneutics / _cby Shibaji,Bandyopadhyay |
||
| 260 |
_aNew Delhi _bOrient BlackSwan _c2016 |
||
| 270 |
_a1/24 Asaf Ali Road _bNew Delhi _e110002 |
||
| 300 |
_avii,322p. _c23cm(Hb) |
||
| 500 | _aIncludes bibliographical references | ||
| 942 |
_2ddc _cEN _mBAN _h294.5924046 |
||
| 999 |
_c142378 _d142378 |
||